| 000 | 00792cam a2200253u 4500 | ||
|---|---|---|---|
| 001 | 24189 | ||
| 003 | BD-RjUL | ||
| 005 | 20211209001023.0 | ||
| 008 | 140312s1962 ii 001 0 eng | ||
| 035 | _a(BD-RjUL)24255 | ||
| 040 |
_aDLC _cCarP _dDLC _dBD-RjUL _beng |
||
| 041 | _aeng | ||
| 082 |
_a940.5354 _bSII |
||
| 100 | 1 |
_aSinha, Nirmal Chandra. _974514 |
|
| 245 | 1 | 0 |
_aIndian war economy: supply, industry & finance / _cNirmal Chandra,Sinha |
| 260 |
_aDelhi : _bCombined Inter-services Historical Section, India & Pakistan; _c1962. |
||
| 300 |
_axxvii,551 p. ; _c24cm. |
||
| 504 | _aIncludes index. | ||
| 650 |
_a India -- Defenses. _974515 |
||
| 700 | 1 |
_aKhera, P. N., [from old catalog] _ejoint author. _974516 |
|
| 942 |
_2ddc _cBK |
||
| 999 |
_c24189 _d24189 |
||